Hurricanes have eyes but can't see : (Record no. 9265)
[ view plain ]
| 000 -LEADER | |
|---|---|
| fixed length control field | 01631cam a2200421 a 4500 |
| 001 - CONTROL NUMBER | |
| control field | 9265 |
| 003 - CONTROL NUMBER IDENTIFIER | |
| control field | FISKH |
| 005 - DATE AND TIME OF LATEST TRANSACTION | |
| control field | 20260106085354.0 |
| 008 - FIXED-LENGTH DATA ELEMENTS--GENERAL INFORMATION | |
| fixed length control field | 040223s2003 nyua j 000 0 eng |
| 010 ## - LIBRARY OF CONGRESS CONTROL NUMBER | |
| LC control number | 2004269561 |
| 020 ## - INTERNATIONAL STANDARD BOOK NUMBER | |
| International Standard Book Number | 0439549809 |
| 020 ## - INTERNATIONAL STANDARD BOOK NUMBER | |
| International Standard Book Number | 9780439549806 |
| 020 ## - INTERNATIONAL STANDARD BOOK NUMBER | |
| International Standard Book Number | 9780439625340 |
| 035 ## - SYSTEM CONTROL NUMBER | |
| System control number | 13498995 |
| 035 ## - SYSTEM CONTROL NUMBER | |
| System control number | (OCoLC)53467270 |
| 040 ## - CATALOGING SOURCE | |
| Original cataloging agency | IOJ |
| Transcribing agency | IOJ |
| Modifying agency | DLC |
| Language of cataloging | eng |
| 050 00 - LIBRARY OF CONGRESS CALL NUMBER | |
| Classification number | QC941.3 |
| Item number | .B47 2003 |
| 082 00 - DEWEY DECIMAL CLASSIFICATION NUMBER | |
| Classification number | 551.55 |
| Edition number | 22 |
| 100 1# - MAIN ENTRY--PERSONAL NAME | |
| Personal name | Berger, Melvin. |
| 245 10 - TITLE STATEMENT | |
| Title | Hurricanes have eyes but can't see : |
| Remainder of title | and other amazing facts about wild weather / |
| Statement of responsibility, etc. | by Melvin and Gilda Berger. |
| 260 ## - PUBLICATION, DISTRIBUTION, ETC. | |
| Place of publication, distribution, etc. | New York : |
| Name of publisher, distributor, etc. | Scholastic Inc., |
| Date of publication, distribution, etc. | 2003. |
| 300 ## - PHYSICAL DESCRIPTION | |
| Extent | 48 pages : |
| Other physical details | color illustrations ; |
| Dimensions | 26 cm |
| 490 0# - SERIES STATEMENT | |
| Series statement | Speedy facts |
| 505 0# - FORMATTED CONTENTS NOTE | |
| Formatted contents note | Introduction -- Thunderstorms -- Monsoons -- Hurricanes -- Tornadoes -- Blizzards -- Rainstorms -- Ice storms -- Droughts -- Dust storms -- Hailstorms -- Fog -- Heat waves -- Forecasting wild weather. |
| 520 ## - SUMMARY, ETC. | |
| Summary, etc. | Weather can be wild. Thunderstorms, hurricanes, tornadoes, and other storms can cause accidents, damage property, and injure people. Learn about what makes wild weather and what you can do to keep safe. |
| 650 #0 - SUBJECT ADDED ENTRY--TOPICAL TERM | |
| Topical term or geographic name entry element | Storms |
| Form subdivision | Juvenile literature. |
| 650 #1 - SUBJECT ADDED ENTRY--TOPICAL TERM | |
| Topical term or geographic name entry element | Tornadoes. |
| 650 #1 - SUBJECT ADDED ENTRY--TOPICAL TERM | |
| Topical term or geographic name entry element | Hurricanes. |
| 650 #1 - SUBJECT ADDED ENTRY--TOPICAL TERM | |
| Topical term or geographic name entry element | Questions and answers. |
| 650 #1 - SUBJECT ADDED ENTRY--TOPICAL TERM | |
| Topical term or geographic name entry element | Blizzards. |
| 650 #1 - SUBJECT ADDED ENTRY--TOPICAL TERM | |
| Topical term or geographic name entry element | Weather. |
| 650 #1 - SUBJECT ADDED ENTRY--TOPICAL TERM | |
| Topical term or geographic name entry element | Meteorology. |
| 655 #7 - INDEX TERM--GENRE/FORM | |
| Genre/form data or focus term | Literature. |
| Source of term | lcgft |
| Authority record control number or standard number | https://id.loc.gov/authorities/genreForms/gf2014026415 |
| 700 1# - ADDED ENTRY--PERSONAL NAME | |
| Personal name | Berger, Gilda. |
| Relator term | Author |
| 906 ## - LOCAL DATA ELEMENT F, LDF (RLIN) | |
| a | 7 |
| b | cbc |
| c | copycat |
| d | 2 |
| e | ncip |
| f | 20 |
| g | y-gencatlg |
| 942 ## - ADDED ENTRY ELEMENTS (KOHA) | |
| Source of classification or shelving scheme | Dewey Decimal Classification |
| Koha item type | Books |
| Suppress in OPAC | No |
| Withdrawn status | Lost status | Source of classification or shelving scheme | Damaged status | Not for loan | Collection | Home library | Current library | Shelving location | Date acquired | Total Checkouts | Full call number | Barcode | Date last seen | Copy number | Price effective from | Koha item type |
|---|---|---|---|---|---|---|---|---|---|---|---|---|---|---|---|---|
| Dewey Decimal Classification | Non-Fiction | Footprints International School Library Network Toul Tom Poung Campus | Footprints International School Library Network Toul Tom Poung Campus | TTP Secondary Non-Fiction Bookshelves | 12/08/2025 | BER 551.55 L QC941 .B47 | FISTK02145 | 12/08/2025 | 1 | 12/08/2025 | Books |
